000 00672nam a2200229 i 4500
001 49690
003 ES-MaACL
005 20230906162039.0
007 t|
008 030721s1956 sp |||| | spa d
100 1 _aCouderc, Paul.
_941222
245 1 3 _aEl calendario /
_cPaul Couderc ; traducción de Pedro Voltes.
250 _a1ª ed.
260 _aBarcelona :
_bSalvat,
_c1956 (
_fImp. Hispano-Americana)
300 _aVIII, 154 p. ;
_c17 cm.
490 1 _aSurco ;
_v146
650 0 4 _aCalendario.
_9135708
700 0 _aVoltes Bou, Pedro,
_d1926-2009
_9115726
830 0 _aSurco ;
_v146
_9181374
852 _aES-MaACL
_jE-3821
999 _c49690
_d49690